Environmental Taxes as a Tool for Environmental Protection
Hodnotenie možnosti uplatnenia spotrebných daní vo vzťahu k existencii negatívnych externalít, s dôrazom na komodity ako minerálne oleje, ktoré predstavujú významnú časť spotrebných daní v daňovom systéme Slovenskej republiky, tiež aj na energetickú daň.
Na minha lista:
| Autor principal: | |
|---|---|
| Formato: | Capítulo de Livro |
| Idioma: | inglês |
| Assuntos: | |
| Tags: |
Sem tags, seja o primeiro a adicionar uma tag!
|
MARC
| LEADER | 00000nla a2200000 4500 | ||
|---|---|---|---|
| 001 | 0247817 | ||
| 005 | 20240502083702.2 | ||
| 041 | 0 | |a eng | |
| 044 | |a US | ||
| 245 | 1 | 0 | |a Environmental Taxes as a Tool for Environmental Protection |c Juraj Válek |
| 520 | |a Hodnotenie možnosti uplatnenia spotrebných daní vo vzťahu k existencii negatívnych externalít, s dôrazom na komodity ako minerálne oleje, ktoré predstavujú významnú časť spotrebných daní v daňovom systéme Slovenskej republiky, tiež aj na energetickú daň. | ||
| 610 | 2 | 0 | |a sústava daňová |
| 610 | 2 | 0 | |a dane |
| 610 | 2 | 0 | |a dane spotrebné |
| 610 | 2 | 0 | |a dane ekologické |
| 610 | 2 | 0 | |a oleje minerálne |
| 610 | 2 | 0 | |a harmonizácia |
| 610 | 2 | 0 | |a prostredie životné |
| 610 | 2 | 0 | |a zdravie |
| 610 | 2 | 0 | |a externality |
| 610 | 2 | 0 | |a Slovensko |
| 610 | 2 | 0 | |a Európska únia |
| 100 | 1 | |a Válek, Juraj, 1981- | |